00600 a2200109 4500001000700000020002000007040003200027100001700059245001200076300002300088520037900111120098 a 978-0152002176 cEscola Canadense de Niteroi aWood, Audrey10aPiggies c4 x 0.3 x 27.94 cm aChildren will delight in the antics of ten marvelous little piggies who romp from fingers to toes in this original bedtime fantasy. Don Wood’s oil paintings explode with mirth and magic and will engage all young readers."Trying to describe these luxuriant, witty pictures doesn’t really work, however; seeing is believing, and what luck for us there’s so much to see."